Statistics for 2024 Formula One Teams

Click here to take the quiz!

General Stats

  • This quiz has been taken 20 times
  • The average score is 9 of 10

Answer Stats

Team% Correct
Ferrari
100%
Red Bull
100%
Mercedes
94%
Aston Martin
89%
Haas
89%
McLaren
89%
Williams
89%
AlphaTauri
72%
Stake Sauber
72%
Alpine
67%

Score Distribution

Percentile by Number Answered

Percent of People with Each Score

Your Score History

You have not taken this quiz